000 00702nam a2200193Ia 4500
003 GCL
008 140319s9999 xx 000 0 ara d
040 _aGCL /
_cGCL
082 0 4 _a920
_bهـ ا
100 1 _aعبدالحفيظ فرغلى على القرنى
245 1 0 _aالشيخ الاكبر محيى الدين بن العربى سلطان العارفين /
_cعبدالحفيظ فرغلى على القرنى
260 _a[S.N] :
_bالهيئة القومية للبحث العلمى ،
_c1986
300 _a209 ص
490 _aاعلام العرب
_v0
650 0 4 _aالاسلام
650 0 4 _aالتصوف الاسلامى
650 0 4 _aالطرق الصوفية
942 _2ddc
_cBK
999 _c59002
_d59002